[Event "Schleswig-Holstein-Saarland"]
[Site "Dresden"]
[Date "2008.11.15"]
[Round "3.8"]
[White "Borukhson, David"]
[Black "Puffay, Jana"]
[Result "1-0"]
[WhiteElo "1202"]
[BlackElo "1109"]
[PlyCount "75"]
[EventDate "2008.??.??"]
[WhiteTeam "Schleswig-Holstein"]
[BlackTeam "Saarland"]

1. e4 c5 2. Nf3 Nc6 3. d4 cxd4 4. Nxd4 g6 5. Nc3 Bg7 6. Be3 Nf6 7. Bc4 Qa5 8.
O-O O-O 9. a3 d6 10. Be2 Bd7 11. f4 e5 12. Nb3 Qd8 13. Qxd6 Re8 14. Nc5 b6 15.
Nb3 Re6 16. Qd3 Qe7 17. Nd5 Nxd5 18. exd5 Rd6 19. c3 Bf5 20. Qc4 exf4 21. Bxf4
Ne5 22. Qd4 Nf3+ 23. Bxf3 Bxd4+ 24. Nxd4 Rd7 25. Rae1 Qf6 26. d6 Bd3 27. Bxa8
Bxf1 28. Rxf1 Rd8 29. Bc6 g5 30. Bg3 Qg6 31. d7 Qd3 32. Bc7 Qe3+ 33. Kh1 Qd3
34. Re1 Rxd7 35. Bxd7 Qd2 36. Rb1 Qd3 37. Bf5 Qe3 38. h3 1-0

[Event "Rheinland-Pfalz-Berlin"]
[Site "Dresden"]
[Date "2008.11.15"]
[Round "3.5"]
[White "Moritz, Aron"]
[Black "Voss, Chantal"]
[Result "1-0"]
[WhiteElo "1764"]
[BlackElo "1828"]
[PlyCount "72"]
[EventDate "2008.??.??"]
[WhiteTeam "Berlin"]
[BlackTeam "Rheinland-Pfalz"]

1. e4 e6 2. d4 d5 3. Nd2 Nf6 4. e5 Nfd7 5. c3 c5 6. Bd3 Nc6 7. Ne2 Be7 8. O-O
O-O 9. Nf3 cxd4 10. cxd4 f5 11. Nf4 Nb6 12. h3 Qe8 13. g4 Qf7 14. g5 Bd7 15. h4
g6 16. Kg2 Kg7 17. Rg1 Rg8 18. Kf1 Kf8 19. a3 Na5 20. b3 Rc8 21. Bd2 Nc6 22.
Be2 Bd8 23. Ne1 Be7 24. Bc1 Be8 25. Bb2 Bd7 26. Ned3 Be8 27. Rc1 a6 28. Nc5
Bxc5 29. Rxc5 Na7 30. Qc2 Qd7 31. a4 Nc6 32. Ba3 Kf7 33. h5 Nxd4 34. hxg6+ hxg6
35. Qd3 Nxe2 36. Rh1 Kg7 1-0

[Event "Sachsen 1-Thüringen"]
[Site "Dresden"]
[Date "2008.11.15"]
[Round "3.2"]
[White "Schulz, Anja"]
[Black "Wolf, Isaak"]
[Result "1-0"]
[WhiteElo "2033"]
[BlackElo "1856"]
[PlyCount "71"]
[EventDate "2008.??.??"]
[WhiteTeam "Sachsen 1"]
[BlackTeam "Thüringen"]

1. e4 e5 2. Nf3 Nc6 3. Bb5 f5 4. Nc3 fxe4 5. Nxe4 Nf6 6. Nxf6+ Qxf6 7. Bxc6
dxc6 8. Qe2 Bd6 9. d4 Bg4 10. dxe5 Bxf3 11. exf6+ Bxe2 12. fxg7 Rg8 13. Kxe2
Rxg7 14. g3 Kd7 15. Be3 Re8 16. Rad1 Kc8 17. Kf3 Rf7+ 18. Kg2 Rf5 19. Rhe1 Rfe5
20. Bd2 Bc5 21. Rxe5 Rxe5 22. Bc3 Re7 23. Re1 Rf7 24. f4 Kd7 25. Kf3 Bd6 26.
Re4 b5 27. h3 c5 28. a3 c4 29. g4 c5 30. Be5 Bxe5 31. Rxe5 Kc6 32. f5 b4 33. a4
Kd6 34. Ke4 c3 35. bxc3 bxc3 36. Re6+ 1-0

[Event "Baden-Württemberg 1"]
[Site "Dresden"]
[Date "2008.11.15"]
[Round "3.1"]
[White "Hirneise, Jens"]
[Black "Schlötzer, Waldemar"]
[Result "1-0"]
[WhiteElo "2261"]
[BlackElo "2228"]
[PlyCount "63"]
[EventDate "2008.??.??"]
[WhiteTeam "Württemberg 1"]
[BlackTeam "Baden"]

1. e4 d6 2. d4 Nf6 3. Nc3 e5 4. Nf3 Nbd7 5. g4 Nxg4 6. Rg1 Ngf6 7. Bc4 h6 8.
Be3 c6 9. dxe5 dxe5 10. Qd3 b5 11. Bb3 Qc7 12. O-O-O a5 13. a4 b4 14. Qc4 bxc3
15. Qxf7+ Kd8 16. Nxe5 cxb2+ 17. Kb1 Nxe4 18. Rxd7+ Bxd7 19. Nxd7 Nd6 20. Qxf8+
Rxf8 21. Nxf8 Kc8 22. Ne6 Qf7 23. Rxg7 Qh5 24. Rc7+ Kb8 25. Rxc6 Ne8 26. Bf4+
Kb7 27. Rc5 Qd1+ 28. Kxb2 Ra6 29. Bd5+ Ka7 30. Rb5 Rxe6 31. Bb8+ Ka6 32. Bb7#
1-0

[Event "Württemberg 2-Sachsen 2"]
[Site "Dresden"]
[Date "2008.11.15"]
[Round "3.3"]
[White "Kosovska, Olena"]
[Black "Lange, Jan-David"]
[Result "0-1"]
[WhiteElo "1772"]
[BlackElo "2029"]
[PlyCount "54"]
[EventDate "2008.??.??"]
[WhiteTeam "Sachsen 2"]
[BlackTeam "Württemberg 2"]

1. c4 Nf6 2. Nc3 g6 3. d4 Bg7 4. e4 d6 5. f4 O-O 6. Nf3 c6 7. Bd3 Re8 8. O-O
Bg4 9. Kh1 e5 10. dxe5 dxe5 11. c5 Nbd7 12. b4 exf4 13. Bxf4 Nh5 14. Bd2 Nxc5
15. Bc4 Ne6 16. Qc1 Qc7 17. Ng5 Nxg5 18. Bxg5 Be6 19. Be2 Qe5 20. Bxh5 Qxc3 21.
Qxc3 Bxc3 22. Rac1 Bxb4 23. Bf3 Bxa2 24. Rf2 Be6 25. Rfc2 a5 26. Rb1 c5 27. e5
Bf5 0-1

[Event "Hessen 2-Mecklenburg-Vorpommern"]
[Site "Dresden"]
[Date "2008.11.15"]
[Round "3.6"]
[White "Schmalhorst, Sophia"]
[Black "Schreiber, Kevin"]
[Result "1-0"]
[WhiteElo "1608"]
[BlackElo "1587"]
[PlyCount "53"]
[EventDate "2008.??.??"]
[WhiteTeam "Hessen 2"]
[BlackTeam "Mecklenburg-Vorpommern"]

1. e4 c5 2. Nf3 e6 3. d4 cxd4 4. Nxd4 Nc6 5. Nxc6 bxc6 6. Bd3 d5 7. O-O Nf6 8.
Qe2 Be7 9. c4 O-O 10. Bd2 Bb7 11. f4 Qb6+ 12. Be3 Bc5 13. Bxc5 Qxc5+ 14. Kh1
Ba6 15. cxd5 Bxd3 16. Qxd3 cxd5 17. Nc3 Rfd8 18. e5 Nd7 19. Rae1 Rab8 20. Qf3
Nb6 21. f5 Qf8 22. Qg4 Qe8 23. f6 g6 24. Rf3 h6 25. Rh3 Kh7 26. Rxh6+ Kg8 27.
Qh4 1-0

[Event "Schleswig-Holstein-Saarland"]
[Site "Dresden"]
[Date "2008.11.15"]
[Round "3.2"]
[White "Svane, Rasmus"]
[Black "Müller, Pascal"]
[Result "1/2-1/2"]
[WhiteElo "2012"]
[BlackElo "1894"]
[PlyCount "44"]
[EventDate "2008.??.??"]
[WhiteTeam "Schleswig-Holstein"]
[BlackTeam "Saarland"]

1. e4 d5 2. exd5 Qxd5 3. Nc3 Qa5 4. d4 Nf6 5. Bc4 Bf5 6. Bd2 c6 7. Nf3 e6 8.
Qe2 Qc7 9. O-O-O Nbd7 10. Ne5 Nxe5 11. dxe5 Nd7 12. g4 Bg6 13. f4 O-O-O 14.
Rhf1 Re8 15. Be3 h5 16. f5 exf5 17. gxf5 Nxe5 18. fxg6 Nxc4 19. Rxf7 Nxe3 20.
Rxc7+ Kxc7 21. Rd3 Bc5 22. b4 Nc4 1/2-1/2

[Event "Württemberg 2-Sachsen 2"]
[Site "Dresden"]
[Date "2008.11.15"]
[Round "3.6"]
[White "Gibicar, Danijel"]
[Black "Grunwald, Martin"]
[Result "1-0"]
[WhiteElo "1747"]
[BlackElo "1581"]
[PlyCount "105"]
[EventDate "2008.??.??"]
[WhiteTeam "Württemberg 2"]
[BlackTeam "Sachsen 2"]

1. d4 d5 2. Nf3 Nf6 3. e3 Bf5 4. c4 e6 5. Nc3 c6 6. Bd3 Bxd3 7. Qxd3 dxc4 8.
Qxc4 Nbd7 9. O-O Nb6 10. Qe2 Be7 11. Bd2 O-O 12. Rfd1 Bb4 13. e4 h6 14. a3 Be7
15. b4 Nh7 16. Rab1 Ng5 17. Bxg5 Bxg5 18. a4 Qe7 19. a5 Nd7 20. b5 Rac8 21. Qe1
Rb8 22. Nxg5 Qxg5 23. Qd2 Qxd2 24. Rxd2 Nf6 25. Rdb2 Rfc8 26. f3 c5 27. Ne2
cxd4 28. Nxd4 Rd8 29. Nb3 Rbc8 30. Kf2 Rd7 31. Ke2 Kf8 32. Ke3 Rc3+ 33. Ke2 Nh5
34. g3 Nf6 35. Rc1 Rxc1 36. Nxc1 Rc7 37. Na2 Nd7 38. Nb4 Nb8 39. a6 b6 40. Rc2
Rxc2+ 41. Nxc2 Ke7 42. Kd3 Kd6 43. Kc4 f6 44. Nd4 g6 45. f4 f5 46. exf5 exf5
47. Nf3 Nd7 48. Nd4 Nb8 49. h3 h5 50. h4 Ke7 51. Kd5 Kd7 52. Nf3 Ke7 53. Ne5
1-0

[Event "Schleswig-Holstein-Saarland"]
[Site "Dresden"]
[Date "2008.11.15"]
[Round "3.3"]
[White "Müller, Denis"]
[Black "Marx, Joschka"]
[Result "0-1"]
[WhiteElo "1935"]
[BlackElo "1931"]
[PlyCount "102"]
[EventDate "2008.??.??"]
[WhiteTeam "Saarland"]
[BlackTeam "Schleswig-Holstein"]

1. e4 c5 2. Nf3 e6 3. d4 cxd4 4. Nxd4 a6 5. c4 Qc7 6. Nc3 Nf6 7. Be3 Nc6 8.
Nxc6 dxc6 9. Qb3 c5 10. Be2 Bd7 11. f4 h5 12. h3 h4 13. O-O Bc6 14. Qc2 Be7 15.
Rad1 Nh5 16. Bxh5 Rxh5 17. Rd2 b6 18. Qd1 g6 19. f5 exf5 20. Bf4 Qb7 21. Nd5
O-O-O 22. Qb3 Bxd5 23. cxd5 Bg5 24. Bxg5 Rxg5 25. e5 Rg3 26. Qc4 Re3 27. Rfd1
Rxe5 28. d6 Rd7 29. Qxh4 Qe4 30. Qf6 Re6 31. Qh8+ Kb7 32. Kh1 Qe5 33. Qh7 Qf6
34. b3 Kc6 35. Qh6 Rexd6 36. Rxd6+ Rxd6 37. Re1 Qd8 38. Qe3 Re6 39. Qf3+ Qd5
40. Qf1 Rxe1 41. Qxe1 Qe4 42. Qa1 Qe6 43. Qf1 b5 44. Qf3+ Qe4 45. Qc3 c4 46.
bxc4 Qxc4 47. Qf3+ Kc5 48. Qe3+ Kb4 49. Qe7+ Ka4 50. Qd6 a5 51. Qd2 b4 0-1

[Event "Hessen 2-Mecklenburg-Vorpommern"]
[Site "Dresden"]
[Date "2008.11.15"]
[Round "3.2"]
[White "Aslan, Benjamin"]
[Black "Völsgen, Georg"]
[Result "1-0"]
[WhiteElo "2018"]
[BlackElo "1875"]
[PlyCount "89"]
[EventDate "2008.??.??"]
[WhiteTeam "Hessen 2"]
[BlackTeam "Mecklenburg-Vorpommern"]

1. d4 Nf6 2. c4 g6 3. Nc3 Bg7 4. e4 d6 5. Nf3 O-O 6. Be2 e5 7. O-O Nbd7 8. Be3
Ng4 9. Bg5 f6 10. Bc1 Kh8 11. h3 Nh6 12. Be3 Nf7 13. Qc2 Ng5 14. Nxg5 fxg5 15.
Rad1 c6 16. Qd2 h6 17. dxe5 Bxe5 18. c5 dxc5 19. Bxc5 Re8 20. Bc4 Qf6 21. Bd4
Nb6 22. Bxe5 Qxe5 23. Bf7 Rf8 24. Bxg6 Be6 25. Qd4 Nc4 26. b3 Qxd4 27. Rxd4 Ne5
28. Rd6 Nxg6 29. Rxe6 Kg7 30. Rd1 Rad8 31. Rdd6 Rxd6 32. Rxd6 Nf4 33. Rd7+ Rf7
34. Rxf7+ Kxf7 35. g3 Nd3 36. Kf1 b5 37. Ke2 Nc5 38. Ke3 Nd7 39. f4 Ke6 40. e5
a6 41. Ne4 Kf5 42. Nd6+ Ke6 43. Ke4 a5 44. Nb7 a4 45. Nd8+ 1-0

[Event "Niedersachsen-Sachsen Anhalt"]
[Site "Dresden"]
[Date "2008.11.15"]
[Round "3.1"]
[White "Paul, Johannes"]
[Black "Lubbe, Nikolas"]
[Result "0-1"]
[WhiteElo "2087"]
[BlackElo "2254"]
[PlyCount "74"]
[EventDate "2008.??.??"]
[WhiteTeam "Sachsen Anhalt"]
[BlackTeam "Niedersachsen"]

1. c4 g6 2. g3 Bg7 3. Bg2 e5 4. Nc3 d6 5. d3 f5 6. e3 Nf6 7. Nge2 O-O 8. O-O c6
9. Rb1 a5 10. b3 Na6 11. Bb2 g5 12. f4 gxf4 13. exf4 Qb6+ 14. d4 e4 15. h3 d5
16. c5 Qd8 17. a3 Be6 18. Na4 Nd7 19. Bc1 Bf7 20. Be3 Bh5 21. Qd2 Bxe2 22. Qxe2
Nc7 23. Qd2 Ne6 24. Rfd1 Qe7 25. Nc3 Ndxc5 26. b4 axb4 27. axb4 Nd3 28. Ne2 Ra4
29. Qc3 Nxb4 30. g4 Nd3 31. Rxd3 exd3 32. Qxd3 fxg4 33. hxg4 Ra3 34. Rb3 Ra1+
35. Rb1 Rxb1+ 36. Qxb1 Nxf4 37. Bxf4 Qxe2 0-1

[Event "Bayern-Hamburg"]
[Site "Dresden"]
[Date "2008.11.15"]
[Round "3.4"]
[White "Nuber, Helene"]
[Black "Müller, Tobias"]
[Result "1-0"]
[WhiteElo "2012"]
[BlackElo "1819"]
[PlyCount "62"]
[EventDate "2008.??.??"]
[WhiteTeam "Bayern"]
[BlackTeam "Hamburg"]

1. e4 c5 2. d3 Nc6 3. Be3 Nf6 4. Nc3 d5 5. exd5 Nxd5 6. Bd2 e5 7. Nf3 Be7 8. h3
O-O 9. g3 f5 10. Bg2 Be6 11. O-O Bf6 12. Re1 Re8 13. Qc1 h6 14. Nh2 Bf7 15. Ne2
Qb6 16. Rb1 Rad8 17. a3 a5 18. g4 f4 19. Nc3 Re7 20. Ne4 Nd4 21. Bc3 Qc7 22.
Bd2 b5 23. c4 Nb3 24. Qc2 bxc4 25. dxc4 Nxd2 26. Nxd2 Nb6 27. b3 Red7 28. Ne4
Be7 29. Rbd1 a4 30. Rxd7 Rxd7 31. bxa4 Nxa4 1-0

[Event "Sachsen 1-Thüringen"]
[Site "Dresden"]
[Date "2008.11.15"]
[Round "3.1"]
[White "Hannes, Diana"]
[Black "Friedrich, Ricardo"]
[Result "1/2-1/2"]
[WhiteElo "2008"]
[BlackElo "2043"]
[PlyCount "60"]
[EventDate "2008.??.??"]
[WhiteTeam "Thüringen"]
[BlackTeam "Sachsen 1"]

1. e4 c5 2. Nf3 Nc6 3. Bb5 g6 4. O-O Bg7 5. Bxc6 bxc6 6. d3 Nf6 7. Nc3 O-O 8.
h3 Rb8 9. Rb1 d6 10. Be3 h6 11. Qd2 Kh7 12. Rfe1 e5 13. Ne2 Be6 14. c4 Ng8 15.
Nh2 f5 16. exf5 Bxf5 17. Ng3 Nf6 18. Qe2 Qd7 19. Nf3 Rbe8 20. Nd2 Ng8 21. Nde4
Be6 22. a3 Ne7 23. b4 cxb4 24. axb4 Nf5 25. Ra1 Ra8 26. Ra5 Nh4 27. Kh2 Bxh3
28. gxh3 Nf3+ 29. Kg2 Nh4+ 30. Kh2 Nf3+ 1/2-1/2

[Event "Baden-Württemberg 1"]
[Site "Dresden"]
[Date "2008.11.15"]
[Round "3.7"]
[White "von Schwerin, Clemens"]
[Black "Schuhmacher, Jakob"]
[Result "1-0"]
[WhiteElo "1751"]
[BlackElo "1692"]
[PlyCount "53"]
[EventDate "2008.??.??"]
[WhiteTeam "Württemberg 1"]
[BlackTeam "Baden"]

1. e4 e6 2. d4 d5 3. Nd2 Nf6 4. e5 Nfd7 5. Bd3 c5 6. c3 Nc6 7. Ne2 Be7 8. O-O
cxd4 9. cxd4 f6 10. exf6 Nxf6 11. Nf3 O-O 12. Re1 Qb6 13. Nf4 Nb4 14. Bb1 Bd6
15. a3 Na6 16. Ng5 Bxf4 17. Bxf4 Qxb2 18. Ra2 Qb6 19. Qd3 Ne4 20. Nxe4 Rxf4 21.
Ng5 Rh4 22. Qf3 Qc7 23. g3 Rh6 24. Qxd5 Qd7 25. Bxh7+ Rxh7 26. Rxe6 Kh8 27. Qf5
1-0